000 00426nam a2200181Ia 4500
001 20189
005 20260306172748.0
008 260306t2007||||xx |||||||||||||| ||spa||
041 _aESP
082 _a342.81202
_bS52 2007
100 _aSierralta Ríos, Aníbal
_eAUT
245 0 _aContratos de comercio internacional
260 _c2007
300 _a
_c
650 _aGEN
654 _aCDE
942 _cLIB
_dJUS
_fJUS
_2ddc
_n
999 _c20189
_d20189